Vanishing animals /

Rare animals.

Bibliographic Details
Main Author: Benirschke, Kurt
Other Authors: Warhol, Andy, 1928-1987
Format: Book
Language:English
Published: New York : Springer-Verlag, [1986]
Subjects:

MARC

Tag First Indicator Second Indicator Subfields
LEADER 00000pam a2200000 a 4500
001 in00004458113
005 20210818134945.0
008 860818s1986 nyuac b 00010 eng
010 |a  86021983  
020 |a 038796410X :  |c $49.50 (est.) 
035 |a (OCoLC)14167003 
035 |9 AAB1702MS 
035 |z (UtOrBLW)4555 
035 |a 6906 
040 |a DLC  |c DLC  |d TMV  |d UtOrBLW 
049 |a TMVM  |c 1 
050 0 0 |a QL82  |b .B46 1986 
059 |l MS/BOOK STKS  |v 6  |y 4  |z 1  |t BOOK  |k CIRCULATING  |i 323890026206+  |n NL  |a QL 82  |b B467v 1986 
060 4 |a QL 82  |b B467v 1986 
100 1 |a Benirschke, Kurt. 
245 1 0 |a Vanishing animals /  |c art, Andy Warhol ; text, Kurt Benirschke. 
264 1 |a New York :  |b Springer-Verlag,  |c [1986] 
264 4 |c ©1986 
300 |a 99 pages, 2 unnumbered leaves of plates :  |b illustrations (some color), portraits ;  |c 28 cm. 
336 |a text  |2 rdacontent  |b txt 
337 |a unmediated  |2 rdamedia 
338 |a volume  |2 rdacarrier  |b nc 
504 |a Bibliography: page 99. 
520 8 |a Rare animals. 
650 2 |a Animals, Wild. 
700 1 |a Warhol, Andy,  |d 1928-1987. 
940 |a copy plain 
999 |a MARS 
999 f f |s f36a5ea0-15de-3b32-b24c-b2bbc2bf6b6d  |i 8aeee4dc-cedf-3673-b0cc-834263cd70e4  |t 0 
952 f f |p preservation  |a Texas A&M University  |b J.J. Pickle Campus  |c High Density Repository  |d Remote Storage  |t 0  |e QL 82 B467v 1986  |h National Library of Medicine classification  |i unmediated -- volume  |m 323890026206+ 
998 f f |a QL 82 B467v 1986  |t 0  |l Remote Storage